Vowel-less Reality Shows Quiz Stats

 Plays Quiz Updated Mar 10, 2019

Score 0/20 Timer 04:00
6 Plays Today
Vowel-less Name Reality Show % Correct
bg brthrBig Brother
98.1%
th bchlrThe Bachelor
97.9%
th bggst lsrThe Biggest Loser
96.5%
dncng wth th strsDancing with the Stars
96.4%
tp chfTop Chef
96.4%
shrk tnkShark Tank
95.9%
rl wrldReal World
95.1%
kpng p wth th krdshnsKeeping Up with the Kardashians
95%
srvvrSurvivor
94.8%
s y thnk y cn dncSo You Think You Can Dance
94.3%
Vowel-less Name Reality Show % Correct
mrc's nxt tp mdlAmerica's Next Top Model
93.8%
ddlst ctchDeadliest Catch
91.9%
th rl hswvs f nw yrk ctThe Real Housewives of New York City
91.5%
th mzng rcThe Amazing Race
91.4%
mrc's gt tlntAmerica's Got Talent
91.2%
th pprntcThe Apprentice
84.2%
dnc mmsDance Moms
81.9%
mrcn dlAmerican Idol
76.6%
jrs shrJersey Shore
76.1%
th vcThe Voice
73.5%

You're not logged in!

Compare scores with friends on all Sporcle quizzes.
OR
Log In

Show Comments

Extras

Top Quizzes Today


Score Distribution

Your Account Isn't Verified!

In order to create a playlist on Sporcle, you need to verify the email address you used during registration. Go to your Sporcle Settings to finish the process.

Report this User

Report this user for behavior that violates our Community Guidelines.

Details: